000 nam a22 4500
999 _c9067
_d9067
008 180410b ||||| |||| 00| 0 eng d
100 _927208
_aMedenilla, Samuel P.
245 _aDOLE simplifies financial aid/
_cSamuel P. Medenilla
260 _aPhilippines
_bManila Bulletin
_cc2017
300 _apage 4.
650 0 _927209
_aFinance.
942 _2ddc
_cPER